Państwa z największym odsetkiem rudowłosych - Statystyki

Ogólne statystyki
  • Ten quiz został rozwiązany 428 razy
  • Średni wynik to 16 z 19
Statystyki odpowiedzi
Odsetek
rudowłosych
Państwo % Poprawnych
Polska
96%
Wielka Brytania
94%
>10% Irlandia
93%
Rosja
90%
Norwegia
89%
Szwecja
89%
10-5% Dania
86%
Finlandia
86%
Francja
86%
Litwa
86%
Łotwa
85%
Estonia
84%
Holandia
83%
3-2% Belgia
81%
5-3% Białoruś
81%
Ukraina
81%
Islandia
79%
Luksemburg
72%
Szwajcaria
66%
Nie znaleziono quizów pasujących do podanych kryteriów
Rozkład punktacji
Procent ludzi z każdym wynikiem
Percentyl według liczby udzielonych odpowiedzi
Twoja historia wyników
Nie rozwiązałeś tego quizu